00522nam a2200193 a 4500001001300000003000900013005001700022008004100039020001000080082001600090100002100106245003100127260005100158300000900209500003500218505001400253650004000267700002100307nice12345678IN_TiNIC20260116012059.0050524s1921 lona grp 000 0 ger  ac10000a297.24bZWE aZwemer, Samuel M aDie Christologie Des Islam aLondonbStudent Christian Movement Pressc1921 a116p aincludes index and biblioraphy2 aresereved aJesus Christ-Islamic Interpretation1 aZwemer, Samuel M